<?xml version="1.0" encoding="UTF-8"?>
<record
    xmlns:xsi="http://www.w3.org/2001/XMLSchema-instance"
    xsi:schemaLocation="http://www.loc.gov/MARC21/slim http://www.loc.gov/standards/marcxml/schema/MARC21slim.xsd"
    xmlns="http://www.loc.gov/MARC21/slim">

  <leader>01131nam a2200193   4500</leader>
  <controlfield tag="005">20260212110729.0</controlfield>
  <controlfield tag="008">260204b        |||||||| |||| 00| 0 eng d</controlfield>
  <datafield tag="020" ind1=" " ind2=" ">
    <subfield code="a">9781800922136</subfield>
  </datafield>
  <datafield tag="041" ind1=" " ind2=" ">
    <subfield code="a">English</subfield>
  </datafield>
  <datafield tag="082" ind1=" " ind2=" ">
    <subfield code="a">746.1</subfield>
    <subfield code="b">WOL</subfield>
  </datafield>
  <datafield tag="100" ind1=" " ind2=" ">
    <subfield code="a">Wolff Aurelia</subfield>
    <subfield code="9">216599</subfield>
  </datafield>
  <datafield tag="245" ind1=" " ind2=" ">
    <subfield code="a">Botanical Dyes: A Seasonal Guide to Sustainable Dyeing</subfield>
  </datafield>
  <datafield tag="260" ind1=" " ind2=" ">
    <subfield code="b">Search Press</subfield>
    <subfield code="c">2014</subfield>
  </datafield>
  <datafield tag="300" ind1=" " ind2=" ">
    <subfield code="a">182</subfield>
  </datafield>
  <datafield tag="365" ind1=" " ind2=" ">
    <subfield code="b">1302.63</subfield>
    <subfield code="c">Rs,00</subfield>
  </datafield>
  <datafield tag="520" ind1=" " ind2=" ">
    <subfield code="a">INTRODUCTION TO BOTANICAL DYEING
What Is Botanical Dyeing?
&#x2022;	Traditional Methods 
&#x2022;	Natural Dyeing: A Call To Action
&#x2022;	Classification Of Dyes
&#x2022;	The Dyeing Process
&#x2022;	Natural Fibres
&#x2022;	Mordanting
&#x2022;	The Different Techniques
&#x2022;	In The Dyer&#x2019;s Workshop
SEASONAL DYEING: RECIPES &amp; INSPIRATION
SPRING &#x2013; Walnut, Rhubarb, Dyer&#x2019;s woad, Artichoke
SUMMER - Weld, Cosmos, Madder, Wild carrot
AUTUMN - Oak, St John&#x2019;s wort, Elderberry, Broad-leaved dock    
WINTER - Chestnut, Onion, Avocado, Turmeric
OUT OF SEASON &amp; OTHER LATITUDES - Cutch, Logwood
&#x2022;	Appendices
&#x2022;	Glossary
&#x2022;	Useful Addresses
&#x2022;	Where To Find The Plants

</subfield>
  </datafield>
  <datafield tag="650" ind1=" " ind2=" ">
    <subfield code="a">Dyeing</subfield>
  </datafield>
  <datafield tag="942" ind1=" " ind2=" ">
    <subfield code="c">BK</subfield>
  </datafield>
  <datafield tag="999" ind1=" " ind2=" ">
    <subfield code="c">370313</subfield>
    <subfield code="d">370313</subfield>
  </datafield>
  <datafield tag="952" ind1=" " ind2=" ">
    <subfield code="0">0</subfield>
    <subfield code="1">0</subfield>
    <subfield code="2">ddc</subfield>
    <subfield code="4">0</subfield>
    <subfield code="7">0</subfield>
    <subfield code="a">SOFT</subfield>
    <subfield code="b">SOFT</subfield>
    <subfield code="d">2026-02-04</subfield>
    <subfield code="e">Design Book Studio</subfield>
    <subfield code="g">1302.63</subfield>
    <subfield code="i">284</subfield>
    <subfield code="l">1</subfield>
    <subfield code="o">746.1 WOL</subfield>
    <subfield code="p">SOFT-BK-4936</subfield>
    <subfield code="r">2026-03-30 13:03:32</subfield>
    <subfield code="s">2026-03-24</subfield>
    <subfield code="t">33%</subfield>
    <subfield code="v">1944.22</subfield>
    <subfield code="w">2025-12-12</subfield>
    <subfield code="y">BK</subfield>
  </datafield>
</record>
